| 000 | 00563nam a2200205 i 4500 | ||
|---|---|---|---|
| 001 | 18982 | ||
| 003 | ES-MaACL | ||
| 005 | 20240228152547.0 | ||
| 007 | t| | ||
| 008 | 020425s2001 sp ||||1| spa d | ||
| 020 | _a84-921721-5-0 | ||
| 080 | _a058.7(460) | ||
| 245 | 0 | 0 | _aQuién es quién en España. |
| 260 |
_aAlcobendas (Madrid) : _bCampillo, _c2001. |
||
| 300 |
_a1406 p. ; _c19 cm. |
||
| 650 | 1 | 4 |
_aEspañoles- _yS.XXI- _vBiografías. _912483 |
| 651 | 4 |
_aEspaña- _vDirectorios _98188 |
|
| 852 |
_aES-MaACL _jL-25447 _bR.130217 |
||
| 999 |
_c18982 _d18982 |
||